000 00726nam a22002297a 4500
999 _c14110
_d14110
003 AR-CdUCM
008 190327b ||||| |||| 00| 0 spa d
020 _a9972-879-24-0
040 _aMUNICIPALIDAD PROVINCIAL DEL CUSCO
_cBIBLIOTECA MUNICIPAL DEL CUSCO
082 _aEP / 803 /
_bD44
100 _aDefoe, Daniel
_912599
245 _aRobinson Crusoe /
260 _aLima :
_bQuebecor World Perú S.A.,
_c2004.
300 _a112 páginas ;
_bIlustraciones.
_c20 cm.
440 _aColección Clásicos universales.
_n3
_932775
500 _aDiario Ojo.
505 _aContenido :Robinson Crusoe ...
650 _aCuentos infantiles
_93927
650 _aSiglo XXI
_92856
942 _2ddc
_cLIBROS
945 _arum
_d2019-04-22